Rhymes with 'Mind' Quiz Stats

 Plays Quiz Updated Nov 6, 2018

Also try: Rhymes with 'Word'
Challenge
Share
Tweet
Embed
Score 0/25 Timer 03:00
0 Plays Today
% Correct
Bind
95.4%
Kind
94.7%
Find
93%
Hind
89.6%
Rind
88.1%
Wind
81.7%
Lined
79.4%
Blind
77.4%
Pined
77%
Dined
73.7%
Signed
72.7%
Grind
71.6%
Tined
66.1%
% Correct
Mined
65.3%
Vined
62.9%
Wined
54.9%
Fined
50.6%
Brined
49.8%
Shined
45.8%
Whined
38.7%
Spined
36.8%
Chined
30.1%
Twined
21.3%
Shrined
14.5%
Splined
7.2%

You're not logged in!

Compare scores with friends on all Sporcle quizzes.
OR
Log In

You Might Also Like...

Show Comments

Extras

Top Quizzes Today


Score Distribution

Your Account Isn't Verified!

In order to create a playlist on Sporcle, you need to verify the email address you used during registration. Go to your Sporcle Settings to finish the process.

Report this User

Report this user for behavior that violates our Community Guidelines.

Details: